[Event "Tourn. n8763"]
[Site "www.chess-mail.com"]
[Date "2016.07.18"]
[Round "1"]
[White "Claudia"]
[Black "Koumaak"]
[WhiteElo "1830"]
[BlackElo "1800"]
[Result "1-0"]
[Round "1"]
1.d4 e6
2.c4 d5
3.Nb1c3 Bf8b4
4.cxd5 Bb4xc3
5.bxc3 Qd8xd5
6.Ng1f3 Nb8c6
7.Bc1f4 Qd5a5
8.Qd1d2 Ng8e7
9.e4 O-O
10.Bf1d3 Ne7g6
11.Bf4e3 Bc8d7
12.O-O Rf8e8
13.Ra1b1 b6
14.Rb1b5 Qa5a4
15.Rf1b1 a6
16.Rb5h5 Nc6e7
17.Nf3g5 h6
18.Ng5f3 Bd7b5
19.c4 Bb5xc4
20.Rb1b4 Qa4xa2
21.Rb4xc4 Qa2a1
22.Rc4c1 Qa1a3
23.Rc1xc7 b5
24.Rh5c5 b4
25.Rc5c4 a5
26.Nf3e1 b3
27.Qd2c1 b2
28.Qc1b1 Qa3a1
29.Rc7b7 a4
30.Rb7xb2 Qa1xb1
31.Rb2xb1 Re8b8
32.Rb1xb8 Ra8xb8
33.Rc4xa4 Ne7c6
34.f3  { time }
1-0

[Event "Tourn. n8816"]
[Site "www.chess-mail.com"]
[Date "2016.07.18"]
[Round "1"]
[White "Jhzes"]
[Black "Fabos12"]
[WhiteElo "1920"]
[BlackElo "1870"]
[Result "0-1"]
[Round "1"]
1.e4 d6
2.Bf1c4 Nb8c6
3.Ng1f3 Ng8f6
4.Nb1c3 Bc8g4
5.O-O Nc6d4
6.Bc4e2 Nd4xe2
7.Qd1xe2 e5
8.h3 Bg4xh3
9.gxh3 Qd8d7
10.d3 Qd7xh3
11.Nf3g5 Qh3h4
12.Nc3b5 Kd7
13.Ng5xf7 Nf6g4
14.f3 Rh8g8
15.fxg4 Bf8e7
16.Qe2f3 Kc6
17.Nb5c3 Ra8f8
18.Nc3d5 Rf8xf7
19.Nd5xe7 Rf7xe7
20.Rf1f2 Re7e8
21.Bc1e3 Rg8f8
22.Qf3h1 Qh4xg4
23.Rf2g2 Qg4f3
24.Be3xa7 b6
25.Qh1xh7 Kb7
26.Rg2xg7 Qf3f2
27.Kh1 Rf8f4
28.Rg7xc7 Ka6
29.Ba7xb6 Rf4h4
30.Qh7xh4 Qf2xh4
31.Kg1 Re8g8
32.Kf1 Kxb6
33.Rc7f7 Qh4h3
34.Ke1 Qh3e3
35.Kf1 Rg8g1

0-1

[Event "Match"]
[Site "www.echecsemail.com"]
[Date "2016.07.18"]
[Round "1"]
[White "Jhzes"]
[Black "Wagner"]
[WhiteElo "1930"]
[BlackElo "1810"]
[Result "1-0"]
[Round "1"]
1.d4 Ng8f6
2.Nb1c3 d5
3.Bc1f4 a6
4.h3 b5
5.b4 Nb8c6
6.a3 Nf6h5
7.Bf4h2 g6
8.g4 Nh5g7
9.Bf1g2 e6
10.Ng1f3 Bf8e7
11.O-O h6
12.e4 Be7f6
13.exd5 Nc6e7
14.dxe6 Bc8xe6
15.a4 c6
16.Nc3e4 Ra8a7
17.Ne4xf6 Kf8
18.Nf3e5 Ra7c7
19.axb5 Ne7c8
20.Nf6e4 h5
21.Ne5xc6 Rc7xc6
22.bxc6 hxg4
23.hxg4 Be6xg4
24.Qd1xg4 Rh8h4
25.c7 Qd8e7
26.Qg4xc8 Ng7e8
27.Bh2d6 { resign }
1-0

[Event "Match"]
[Site "www.echecsemail.com"]
[Date "2016.07.18"]
[Round "1"]
[White "Add"]
[Black "Karpov35"]
[WhiteElo "2010"]
[BlackElo "1809"]
[Result "1-0"]
[Round "1"]
1.e4 g6
2.d4 d6
3.c3 Bf8g7
4.h3 Nb8d7
5.Ng1f3 e5
6.Bf1c4 Ng8f6
7.dxe5 dxe5
8.Bc4xf7 Kxf7
9.Nf3g5 Ke8
10.Ng5e6 Qd8e7
11.Ne6xc7 Kd8
12.Nc7xa8 Nf6xe4
13.Bc1e3 Rh8f8
14.Qd1d3 Ne4c5
15.Qd3d5 Nc5e6
16.Be3xa7 { resign }
1-0

[Event "Match"]
[Site "www.echecsemail.com"]
[Date "2016.07.18"]
[Round "1"]
[White "Geodad5"]
[Black "Pimpampum"]
[WhiteElo "2120"]
[BlackElo "2190"]
[Result "1-0"]
[Round "1"]
1.e4 e5
2.Ng1f3 Ng8f6
3.d4 Nf6xe4
4.Bf1d3 d5
5.Nf3xe5 Bf8d6
6.O-O O-O
7.Rf1e1 Ne4f6
8.Bc1g5 Bc8e6
9.Nb1d2 Nb8d7
10.f4 Nd7b6
11.Re1e3 c5
12.c3 cxd4
13.cxd4 Bd6e7
14.Re3g3 Nf6d7
15.Bd3xh7 Kxh7
16.Qd1h5 Kg8
17.Bg5h6 Be7f6
18.f5 Nd7xe5
19.fxe6 Ne5c4
20.Nd2f3 fxe6
21.Bh6xg7 Bf6xg7
22.Nf3g5 Qd8xg5
23.Qh5xg5 Rf8f7
24.Ra1e1 Ra8e8
25.h4 Nc4d6
26.Qg5g6 Nd6f5
27.Rg3g4 Nb6d7
28.Re1xe6 Re8xe6
29.Qg6xe6 Nf5xd4
30.Qe6xd5 Nd4c6
31.Qd5b3 Nd7e5
32.Rg4g5 Nc6d4
33.Qb3d1 Rf7d7
34.Qd1h5 Ne5f7
35.Rg5g4 Nf7e5
36.Qh5xe5 { resign }
1-0

[Event "Eq:Slap Shot Mates-Team USA : "]
[Site "www.chess-mail.com"]
[Date "2016.07.18"]
[Round "1"]
[White "Jpmartinez"]
[Black "Uji40"]
[WhiteElo "2550"]
[BlackElo "1980"]
[Result "1-0"]
[Round "1"]
1.c4 b6
2.Nb1c3 Bc8b7
3.e4 g6
4.d4 Bf8g7
5.Bc1e3 e6
6.Qd1d2 c6
7.O-O-O Ng8e7
8.Be3h6 Rh8g8
9.Ng1f3 Kf8
10.h4 d5
11.h5 f5
12.Nf3g5 Bb7c8
13.Ng5xh7 Ke8
14.exd5 cxd5
15.cxd5 exd5
16.Rd1e1 Nb8c6
17.Bf1b5 Bc8d7
18.Bh6g5 Kf7
19.Bb5xc6 Bd7xc6
20.Re1xe7 Qd8xe7
21.Bg5xe7 Kxe7
22.hxg6 Ra8e8
23.Qd2f4 Kd8
24.Qf4b8 Kd7
25.Qb8xa7 Kd6
26.Qa7xb6 Kd7
27.Nh7g5 Bg7f6
28.Rh1h7 Rg8g7
29.Rh7xg7 Bf6xg7
30.Qb6a7 Kd6
31.Qa7xg7 Re8e1
32.Kd2 Re1f1
33.Ng5f7 Ke6
34.Qg7e5 { resign }
1-0

[Event "Tourn. n8845"]
[Site "www.chess-mail.com"]
[Date "2016.07.19"]
[Round "1"]
[White "Jjmcbride"]
[Black "Nulladies"]
[WhiteElo "1590"]
[BlackElo "1630"]
[Result "0-1"]
[Round "1"]
1.e3 c5
2.d4 cxd4
3.exd4 d5
4.c4 Ng8f6
5.c5 Nb8c6
6.f3 e5
7.Bf1b5 e4
8.Qd1e2 Bc8d7
9.Bc1e3 a6
10.Bb5a4 b5
11.Ba4c2 Bf8e7
12.g4 exf3
13.Qe2xf3 Bd7xg4
14.Qf3g2 Nc6b4
15.h3 Nb4xc2
16.Qg2xc2 Bg4h5
 { time }
0-1

[Event "Tourn. n8885"]
[Site "www.chess-mail.com"]
[Date "2016.07.19"]
[Round "1"]
[White "Bojan"]
[Black "Jhzes"]
[WhiteElo "1960"]
[BlackElo "1920"]
[Result "0-1"]
[Round "1"]
1.Ng1f3 d5
2.d4 Bc8f5
3.Nb1c3 e6
4.Nf3h4 Qd8xh4
5.g3 Qh4e7
6.Bc1f4 a6
7.Bf1g2 g5
8.Bf4e3 Qe7b4
9.Ra1b1 Qb4c4
10.a3 b5
11.Be3xg5 b4
12.axb4 Bf8xb4
13.O-O Bb4xc3
14.bxc3 Qc4xc3
15.Rb1c1 Nb8c6
16.e3 h5
17.f3 f6
18.Bg5f4 Nc6b4
19.e4 dxe4
20.fxe4 Bf5g4
21.Qd1d2 Nb4a2
22.Rc1a1 Qc3c4
23.h3 e5
24.dxe5 fxe5
25.Bf4xe5 Qc4c5
26.Be5d4 Ra8d8
27.Bd4xc5 Rd8xd2
28.Ra1xa2 Bg4e6
29.e5 Rd2xg2
30.Kxg2 Be6xa2
31.Bc5d4 Rh8h6
32.Rf1f2 Ng8e7
33.c3 Ba2d5
34.Kh2 h4
35.Bd4c5 hxg3
36.Kxg3 Rh6c6
37.Bc5b4 Ne7g6
38.h4 Ng6xe5
39.h5 Ne5d3
40.Rf2f8 Kd7
41.Bb4a5 Ke7
42.Rf8f5 Ke6
43.Rf5g5 Bd5e4
44.Rg5g7 Rc6c5
45.Ba5xc7 Rc5xc3
46.Kh4 Kf6
47.h6 Nd3f2
48.Bc7g3 Nf2d3
49.h7 Kxg7
50.Bg3e5 Nd3xe5
{ resign }
0-1

[Event "Tourn. n8880"]
[Site "www.chess-mail.com"]
[Date "2016.07.19"]
[Round "1"]
[White "Caspito"]
[Black "Jhzes"]
[WhiteElo "1860"]
[BlackElo "1870"]
[Result "0-1"]
[Round "1"]
1.e4 Ng8f6
2.e5 Nf6d5
3.d4 c6
4.Bf1c4 Nd5b4
5.Qd1f3 e6
6.Nb1a3 Qd8a5
7.Bc1d2 b5
8.Bc4b3 Qa5b6
9.c3 Nb4a6
10.Ng1h3 h6
11.O-O Bc8b7
12.Bd2e3 c5
13.Qf3f4 Qb6c6
14.c4 Qc6xg2

0-1

[Event "Tourn. n8890"]
[Site "www.chess-mail.com"]
[Date "2016.07.19"]
[Round "1"]
[White "Bojan"]
[Black "Jhzes"]
[WhiteElo "2000"]
[BlackElo "1950"]
[Result "0-1"]
[Round "1"]
1.d4 c6
2.c4 e5
3.dxe5 Qd8a5
4.Bc1d2 Qa5xe5
5.Qd1c2 Bf8c5
6.Ng1f3 Qe5h5
7.e3 Ng8e7
8.Bf1e2 d6
9.Nb1c3 Bc8f5
10.Qc2b3 b6
11.Nc3a4 Nb8a6
12.Nf3d4 Qh5g6
13.Be2f3 Bc5xd4
14.exd4 Bf5c2
15.Qb3a3 Bc2e4
16.Qa3e3 Be4c2
17.Na4c3 O-O
18.O-O Ne7f5
19.Qe3f4 Ra8c8
20.Rf1e1 Na6b4
21.Bf3e4 Bc2xe4
22.Qf4xe4 f6
23.Qe4f4 Nb4c2
24.Nc3e4 Nc2xa1
25.Re1xa1 Nf5xd4
26.Ne4c3 Nd4c2
27.Ra1c1 Rc8d8
28.Nc3e2 Rf8e8
29.Ne2g3 d5
30.c5 bxc5
31.Ng3f5 Nc2d4
32.Nf5xd4 cxd4
33.Rc1xc6 Qg6b1
34.Rc6c1 Qb1xc1
{ resign }
0-1

[Event "Tourn. n8863"]
[Site "www.chess-mail.com"]
[Date "2016.07.19"]
[Round "1"]
[White "Francesco"]
[Black "Sachpat"]
[WhiteElo "1980"]
[BlackElo "1809"]
[Result "0-1"]
[Round "1"]
1.e4 e5
2.Ng1f3 Nb8c6
3.d4 exd4
4.Nf3xd4 Bf8c5
5.Nd4xc6 Qd8f6
6.f3 Qf6xc6
7.Nb1c3 Ng8e7
8.Bc1f4 O-O
9.Bf1b5 Qc6b6
10.a3 c6
11.Nc3a4 Bc5f2
12.Kf1 Qb6d4
13.Qd1xd4 Bf2xd4
14.Bb5d3 d5
15.Bf4d6 Rf8e8
16.c3 Bd4f6
17.e5 Bf6g5
18.Kf2 b6
19.b4 Ne7f5
20.Bd3xf5 Bc8xf5
21.Kg3 Re8e6
22.f4 Bg5h6
23.Ra1c1 Bf5e4
24.Rh1e1 Re6g6
25.Kh3 Be4xg2
26.Kh4 Bh6xf4
27.Rc1c2 Bg2f3
28.Rc2f2 Rg6h6
{ resign }
0-1

[Event "Tourn. n8832"]
[Site "www.chess-mail.com"]
[Date "2016.07.19"]
[Round "1"]
[White "Wegaman"]
[Black "Osopanda"]
[WhiteElo "1900"]
[BlackElo "1990"]
[Result "0-1"]
[Round "1"]
1.d4 d5
2.c4 e6
3.Nb1c3 Ng8f6
4.Bc1g5 Bf8e7
5.Ng1f3 O-O
6.e3 c6
7.Bf1e2 Nb8d7
8.O-O Rf8e8
9.Rf1e1 Nd7f8
10.h3 Nf8g6
11.Qd1c2 Qd8d6
12.c5 Qd6d8
13.Ra1d1 h6
14.Bg5h4 Ng6xh4
15.Nf3xh4 Nf6e4
16.Nc3xe4 dxe4
17.g3 Be7xh4
18.gxh4 Qd8xh4
19.Kg2 e5
20.Re1h1 Bc8f5
21.f3 exf3
22.Be2xf3 Qh4g5
23.Kf2 Bf5xc2
{ resign }
0-1

[Event "Tourn. n8877"]
[Site "www.chess-mail.com"]
[Date "2016.07.19"]
[Round "1"]
[White "Jhzes"]
[Black "Hansen"]
[WhiteElo "1880"]
[BlackElo "1610"]
[Result "1-0"]
[Round "1"]
1.e4 Ng8f6
2.e5 Nf6d5
3.d4 e6
4.c4 Nd5b4
5.a3 Nb4c6
6.Nb1c3 Nc6xd4
7.Qd1xd4 Nb8c6
8.Qd4e4 f5
9.exf6 Qd8xf6
10.g3 Bf8c5
11.Bc1e3 Bc5d6
12.Ng1f3 O-O
13.Nf3g5 b6
14.Qe4xh7 
1-0

[Event "Tourn. n8834"]
[Site "www.chess-mail.com"]
[Date "2016.07.19"]
[Round "1"]
[White "Falcoale"]
[Black "Azulmarino"]
[WhiteElo "1610"]
[BlackElo "1580"]
[Result "0-1"]
[Round "1"]
1.e4 e5
2.Ng1f3 Nb8c6
3.Bf1c4 h6
4.O-O Ng8f6
5.d3 Bf8c5
6.a3 d6
7.b4 Bc5b6
8.Bc1b2 Bc8g4
9.h3 Bg4d7
10.Nb1c3 Nc6d4
11.Nf3xd4 Bb6xd4
12.Ra1b1 O-O
13.Nc3d5 Bd7e6
 { time }
0-1

[Event "Tourn. n8842"]
[Site "www.chess-mail.com"]
[Date "2016.07.19"]
[Round "1"]
[White "Kampungboy"]
[Black "Cheminet"]
[WhiteElo "2070"]
[BlackElo "2070"]
[Result "1-0"]
[Round "1"]
1.e4 c5
2.d4 e6
3.c3 d5
4.e5 Nb8c6
5.Ng1f3 h6
6.Bf1d3 Ng8e7
7.dxc5 Ne7f5
8.b4 a5
{ time. }
1-0

[Event "Tourn. n8845"]
[Site "www.chess-mail.com"]
[Date "2016.07.19"]
[Round "1"]
[White "Jjmcbride"]
[Black "Cal"]
[WhiteElo "1590"]
[BlackElo "1650"]
[Result "0-1"]
[Round "1"]
1.e3 e5
2.d4 e4
3.d5 d6
4.c3 a6
5.Bf1e2 Ng8f6
6.f3 exf3
7.Be2xf3 Bf8e7
8.e4 h6
9.h3 Bc8d7
10.c4 O-O
11.Ng1e2 b6
12.Ne2g3 c6
13.O-O cxd5
14.exd5 b5
 { time }
0-1

[Event "Tourn. n8855"]
[Site "www.chess-mail.com"]
[Date "2016.07.19"]
[Round "1"]
[White "Gatrooper"]
[Black "Ranjachess"]
[WhiteElo "1620"]
[BlackElo "1690"]
[Result "0-1"]
[Round "1"]
1.e4 e5
2.a3 d5
3.d3 d4
4.h3 h6
5.Ng1f3 Nb8c6
6.c3 Bc8e6
7.cxd4 Nc6xd4
8.Nf3xd4 Qd8xd4
9.Bf1e2 O-O-O
10.Nb1c3 f5
11.Bc1e3 Qd4d7
12.d4 f4
13.Be3d2 Qd7xd4
14.O-O Ng8f6
15.Nc3b5 Qd4b6
16.Qd1c1 Nf6xe4
17.Bd2e1 Ne4c5
18.a4 Nc5b3
19.a5 Nb3xc1
20.axb6 Nc1xe2
21.Kh1 axb6
22.Ra1a8 Kd7
23.Ra8a7 Be6c4
24.Nb5a3 Bf8xa3
25.Ra7xa3 Ne2g3
26.fxg3 Bc4xf1
27.gxf4 exf4
28.Be1h4 g5
29.Bh4f2 Rh8e8
30.b4 Kc6
31.Ra3c3 Kb5
32.Rc3b3 Rd8d1
33.Kh2 Re8e4
34.h4 g4
35.h5 g3
36.Bf2xg3 fxg3
37.Kxg3 Rd1d3
38.Rb3xd3 Bf1xd3
39.Kf3 Re4xb4
40.g4 c5
41.g5 hxg5
42.h6 Rb4h4
43.Ke3 c4
44.Kd2 g4
45.Ke3 Rh4xh6
46.Kf2 Rh6h3
47.Kg2 c3
{ resign }
0-1

[Event "Tourn. n8860"]
[Site "www.chess-mail.com"]
[Date "2016.07.19"]
[Round "1"]
[White "Jjmcbride"]
[Black "Cal"]
[WhiteElo "1530"]
[BlackElo "1600"]
[Result "0-1"]
[Round "1"]
1.d4 d5
2.e3 e6
3.Ng1f3 h6
4.Bf1d3 a6
5.c4 dxc4
6.Bd3xc4 Ng8f6
7.O-O Nb8c6
8.a3 Bc8d7
 { time }
0-1

[Event "Tourn. n8794"]
[Site "www.chess-mail.com"]
[Date "2016.07.19"]
[Round "1"]
[White "Genius9"]
[Black "Avg"]
[WhiteElo "1820"]
[BlackElo "1840"]
[Result "1-0"]
[Round "1"]
1.Ng1f3 f5
2.e4 fxe4
3.Nf3g5 Ng8f6
4.d3 Nb8c6
5.Ng5xe4 d5
6.Ne4xf6 exf6
7.d4 Bf8e7
8.Bf1d3 Nc6xd4
9.Bd3xh7  { time }
1-0

[Event "Tourn. n8877"]
[Site "www.chess-mail.com"]
[Date "2016.07.19"]
[Round "1"]
[White "Caspito"]
[Black "Hansen"]
[WhiteElo "1840"]
[BlackElo "1610"]
[Result "1-0"]
[Round "1"]
1.e4 Ng8f6
2.e5 Nf6d5
3.d4 e6
4.Ng1h3 h6
5.Bf1c4 Nd5b6
6.Bc4b3 a5
7.O-O a4
8.Nh3f4 axb3
9.cxb3 g5
10.Nf4h5 Nb6d5
11.Nb1c3 Nd5b4
12.a3 Nb4d5
13.Nc3xd5 exd5
14.Nh5f6 Ke7
15.Qd1h5 Bf8g7
16.Nf6xd5 Kf8
17.Rf1e1 c6
18.Nd5e3 d6
19.Re1d1 Ra8a5
20.Ne3c4 Ra5d5
21.Nc4xd6 Bc8e6
22.Bc1e3 f6
23.Nd6xb7 Qd8b6
24.Nb7d6 Qb6xb3
25.Qh5e8 { resign }
1-0

[Event "Tourn. n8877"]
[Site "www.chess-mail.com"]
[Date "2016.07.19"]
[Round "1"]
[White "Nulladies"]
[Black "Jhzes"]
[WhiteElo "1730"]
[BlackElo "1870"]
[Result "0-1"]
[Round "1"]
1.c4 g6
2.g3 c6
3.Nb1c3 e6
4.Bf1g2 Bf8g7
5.d3 Qd8a5
6.Bc1d2 Qa5c7
7.e4 Qc7b6
8.Nc3a4 Qb6c7
9.Na4c3 Ng8e7
10.Qd1c1 d6
11.Ng1e2 O-O
12.O-O Bc8d7
13.Bd2h6 Bg7xh6
14.Qc1xh6 a6
15.h4 e5
16.h5 Bd7g4
17.hxg6 fxg6
18.Qh6g5 Bg4h5
19.f4 exf4
20.Ne2xf4 h6
21.Qg5xh6 Rf8f7
22.Nf4xh5 gxh5
23.Bg2f3 Nb8d7
24.Bf3xh5 Rf7g7
25.Rf1f2 Qc7b6
26.Ra1f1 Qb6e3
27.Qh6e6 Kh8
28.Qe6xd7 Rg7xg3
29.Kh2 Ra8g8
30.Qd7xe7 Rg3h3

0-1

[Event "Tourn. n8865"]
[Site "www.chess-mail.com"]
[Date "2016.07.19"]
[Round "1"]
[White "Gatrooper"]
[Black "Daquata"]
[WhiteElo "1710"]
[BlackElo "1920"]
[Result "0-1"]
[Round "1"]
1.e4 e5
2.a3 Ng8f6
3.Nb1c3 d5
4.exd5 Nf6xd5
5.Nc3xd5 Qd8xd5
6.d3 Nb8c6
7.Ng1f3 Bc8g4
8.h3 Bg4xf3
9.gxf3 O-O-O
10.h4 Nc6d4
11.Bf1g2 Bf8e7
12.Bc1e3 f5
13.Be3xd4 Qd5xd4
14.c3 Qd4xd3
15.Qd1xd3 Rd8xd3
16.O-O Be7xh4
17.Ra1e1 Rh8e8
18.Bg2h3 g6
19.a4 Rd3xf3
20.Bh3g2 Rf3d3
21.a5 e4
22.Re1c1 Rd3d2
23.b4 Re8d8
24.Bg2h3 Rd8d3
25.Bh3g2 Rd2a2
26.c4 Rd3d2
27.Kh1 Rd2xf2
28.Rf1xf2 Bh4xf2
29.c5 e3
30.Bg2f1 e2
31.Bf1xe2 Ra2xe2
32.Kg2 Bf2e3
33.Kf3 Be3xc1
34.Kxe2 f4
35.Kf3 h5
36.b5 h4
37.b6 axb6
38.cxb6 h3
39.Kf2 g5
40.bxc7 g4
41.a6 bxa6
42.Kg1 g3
{ resign }
0-1

[Event "Tourn. n8877"]
[Site "www.chess-mail.com"]
[Date "2016.07.19"]
[Round "1"]
[White "Nulladies"]
[Black "Caspito"]
[WhiteElo "1730"]
[BlackElo "1840"]
[Result "0-1"]
[Round "1"]
1.d4 g6
2.Bc1f4 Bf8g7
3.Ng1f3 d6
4.e3 Ng8f6
5.Nb1d2 Bc8g4
6.h3 Bg4f5
7.g4 Bf5e4
8.Nd2xe4 Nf6xe4
9.Nf3d2 d5
10.Nd2xe4 dxe4
11.Bf1g2 f5
12.gxf5 gxf5
13.Qd1h5 Kd7
14.Qh5xf5 e6
15.Qf5xe4 Nb8c6
16.Ra1d1 Qd8e8
17.c3 Ra8d8
18.d5 Nc6a5
19.dxe6 Ke7
20.O-O Qe8h5
21.Bf4g3 Rd8xd1
22.Bg2f3 Rd1xf1
23.Kxf1 Qh5xh3
24.Bf3g2 Qh3h5
25.Bg2f3 Qh5b5
26.Kg2 c6
27.Qe4g4 Bg7f6
28.Bg3h4 Qb5e5
29.Bh4g3 Qe5c5
30.e4 Na5c4
31.Qg4h3 Nc4xb2
32.Bf3g4 h5
33.Qh3h2 hxg4
{ resign }
0-1

[Event "Match"]
[Site "www.echecsemail.com"]
[Date "2016.07.19"]
[Round "1"]
[White "Jhzes"]
[Black "Geodad5"]
[WhiteElo "1960"]
[BlackElo "2130"]
[Result "1-0"]
[Round "1"]
1.d4 d5
2.Nb1c3 e6
3.Bc1f4 a6
4.Ng1f3 Ng8f6
5.g3 Bf8e7
6.Bf1g2 O-O
7.O-O c5
8.b3 Nb8c6
9.e3 Bc8d7
10.dxc5 Be7xc5
11.a3 Ra8c8
12.Nf3e5 Nc6xe5
13.Bf4xe5 Bc5e7
14.Qd1d3 b5
15.Nc3e2 Bd7c6
16.b4 Qd8d7
17.Ra1d1 Qd7b7
18.Ne2f4 Rf8d8
19.Qd3d4 Nf6e8
20.Bg2h3 Bc6d7
21.c3 Rc8c4
22.Qd4d3 Bd7c8
23.f3 g5
24.Nf4h5 f6
25.Be5d4 e5
26.Bh3xc8 Qb7xc8
27.Bd4b6 Rd8d6
28.Bb6c5 Rc4xc5
29.bxc5 Qc8xc5
30.Rd1a1 Rd6c6
31.h4 Qc5xc3
32.Qd3xd5 { resign }
1-0

[Event "Match"]
[Site "www.echecsemail.com"]
[Date "2016.07.19"]
[Round "1"]
[White "Caspito"]
[Black "Drawlward"]
[WhiteElo "1860"]
[BlackElo "1809"]
[Result "0-1"]
[Round "1"]
1.e4 e5
2.Ng1f3 Nb8c6
3.Bf1c4 Ng8f6
4.Nf3g5 d5
5.exd5 Nc6a5
6.d3 h6
7.Ng5xf7 Kxf7
8.O-O Na5xc4
9.dxc4 c6
10.Nb1c3 Bf8b4
11.Bc1e3 Bb4xc3
12.bxc3 cxd5
13.c5 Rh8e8
14.Ra1b1 Kg8
15.Qd1f3 Bc8g4
16.Qf3g3 Qd8c8
17.f3 Bg4f5
18.Be3xh6 Qc8xc5
19.Kh1 Re8e7
20.Bh6g5 Kf7
21.h4 Ra8c8
22.Bg5xf6 gxf6
23.h5 Rc8h8
24.Qg3h4 Bf5g6
25.g4 Bg6xc2
26.Rb1c1 Bc2d3
27.Rf1g1 Qc5e3
28.Qh4g3 Bd3e2
29.Kg2 e4
30.fxe4 Qe3xe4
31.Kh3 Re7e5
32.Rc1e1 Re5xh5
{ resign }
0-1

[Event "1/128 Finale"]
[Site "www.chess-mail.com"]
[Date "2016.07.19"]
[Round "1"]
[White "Mrfreeze"]
[Black "Attatroll"]
[WhiteElo "1499"]
[BlackElo "1910"]
[Result "1-0"]
[Round "1"]
1.d4 f5
2.Nb1c3 Ng8f6
3.Bc1g5 g6
4.Bg5xf6 exf6
5.e3 Bf8b4
6.Qd1f3 c6
7.Bf1d3 d5
8.Ng1e2 O-O
9.h4 Nb8d7
10.h5 Qd8e7
11.hxg6 hxg6
12.Ne2f4 Bb4xc3
13.bxc3 Qe7a3
14.Qf3h3 Qa3xc3
15.Ke2 Kf7
16.Qh3h7 Ke8
17.Qh7xg6 Kd8
18.Nf4e6 Ke7
19.Ne6xf8 Nd7xf8
20.Qg6g7 Ke8
21.a3 Bc8e6
22.Rh1h8 { resign }
1-0

[Event "Fast Game"]
[Site "www.echecsemail.com"]
[Date "2016.07.19"]
[Round "1"]
[White "Sachpat"]
[Black "Attatroll"]
[WhiteElo "1709"]
[BlackElo "1850"]
[Result "1-0"]
[Round "1"]
1.e4 d6
2.d4 Ng8f6
3.Nb1c3 g6
4.f4 Bf8g7
5.Ng1f3 c5
6.Bf1b5 Bc8d7
7.e5 Nf6g4
8.e6 Bd7xb5
9.exf7 Kxf7
10.Nf3g5 Kg8
11.Nc3xb5 Qd8a5
12.c3 Qa5xb5
13.Qd1xg4 Qb5d7
14.Ng5e6 Nb8c6
15.f5 cxd4
16.cxd4 Nc6b4
17.O-O Nb4c2
18.Ra1b1 Ra8c8
19.Ne6xg7 Qd7a4
20.Ng7e6 { resign }
1-0

[Event "Tourn. n8872"]
[Site "www.chess-mail.com"]
[Date "2016.07.20"]
[Round "1"]
[White "Kampungboy"]
[Black "Osopanda"]
[WhiteElo "2240"]
[BlackElo "2010"]
[Result "1-0"]
[Round "1"]
1.e4 d6
2.d4 g6
3.Nb1c3 Bf8g7
4.f4 Nb8d7
5.Ng1f3 c5
6.Bc1e3 Ng8h6
7.h3 f5
8.Nf3g5 Nd7f6
9.Bf1b5 Bc8d7
10.Ng5e6 Qd8b6
11.dxc5 Qb6a5
12.Bb5xd7 Nf6xd7
13.Ne6xg7 Kf7
14.Ng7e6 Kxe6
15.Qd1d5 Kf6
16.Be3d4 Nd7e5
17.fxe5 dxe5
18.Qd5xe5 Kg5
19.Bd4e3 Kh5
20.g4 { resign }
1-0

[Event "Tourn. n8860"]
[Site "www.chess-mail.com"]
[Date "2016.07.20"]
[Round "1"]
[White "Jjmcbride"]
[Black "Redabond"]
[WhiteElo "1530"]
[BlackElo "1610"]
[Result "0-1"]
[Round "1"]
1.e4 e5
2.d3 Ng8f6
3.Ng1f3 Nb8c6
4.a3 Bf8c5
5.c3 O-O
6.b4 Bc5b6
7.b5 Nc6e7
8.Nf3xe5 d6
 { time }
0-1

[Event "Tourn. n8881"]
[Site "www.chess-mail.com"]
[Date "2016.07.20"]
[Round "1"]
[White "Bojan"]
[Black "Attatroll"]
[WhiteElo "1960"]
[BlackElo "1910"]
[Result "1/2-1/2"]
[Round "1"]
1.b4 c6
2.e3 Ng8f6
3.d4 a5
4.b5 e6
5.a4 Bf8b4
6.c3 Bb4e7
7.Bc1d2 O-O
8.Bf1d3 d5
9.Ng1f3 Nb8d7
10.c4 Rf8e8
11.c5 cxb5
12.Bd3xb5 Nf6e4
13.Bd2c1 Re8f8
{ draw }
1/2-1/2

[Event "Tourn. n8881"]
[Site "www.chess-mail.com"]
[Date "2016.07.20"]
[Round "1"]
[White "Bojan"]
[Black "Caspito"]
[WhiteElo "1960"]
[BlackElo "1860"]
[Result "1-0"]
[Round "1"]
1.b4 d5
2.e3 e5
3.a3 c6
4.Bc1b2 Bf8d6
5.c4 b6
6.cxd5 cxd5
7.d3 Ng8f6
8.Nb1c3 O-O
9.Bf1e2 Bc8b7
10.Nc3b5 a6
11.Nb5xd6 Qd8xd6
12.Ra1c1 Nb8d7
13.Ng1f3 b5
14.h3 Ra8c8
15.d4 e4
16.Nf3h2 Nd7b6
17.Nh2g4 Nb6a4
18.Bb2a1 a5
19.Be2xb5 Na4b6
20.O-O Rc8xc1
21.Ng4xf6 Qd6xf6
22.Qd1xc1 Rf8c8
23.Qc1d2 axb4
24.axb4 Nb6c4
25.Qd2a2 Nc4d6
26.Bb5e2 h6
27.Be2g4 Rc8c4
28.Qa2a5 Rc4c2
29.f3 Nd6c4
30.Qa5b5 Nc4xe3
31.Rf1f2 Bb7c6
32.Qb5b8 Kh7
33.Rf2xc2 Ne3xc2
34.Ba1c3 e3
35.b5 e2
36.f4 e1Q
37.Bc3xe1 Nc2xe1
38.bxc6 Qf6xd4
39.Kf1 Ne1d3
40.Bg4f5 g6
41.Bf5xd3 Qd4xd3
42.Kg1 { resign }
1-0

[Event "Tourn. n8881"]
[Site "www.chess-mail.com"]
[Date "2016.07.20"]
[Round "1"]
[White "Attatroll"]
[Black "Caspito"]
[WhiteElo "1910"]
[BlackElo "1860"]
[Result "0-1"]
[Round "1"]
1.e4 e5
2.f4 exf4
3.Ng1f3 d6
4.Bf1c4 Bc8g4
5.O-O Nb8d7
6.d4 g6
7.c3 g5
8.Qd1b3 Ng8h6
9.Qb3xb7 Bf8g7
10.Bc4b5 O-O
11.Bb5xd7 Qd8xd7
12.Nf3xg5 Rf8b8
13.Qb7d5 c6
14.Qd5c4 d5
15.exd5 cxd5
16.Qc4d3 Bg4f5
17.Qd3f3 Rb8b6
18.Qf3xf4 Rb6f6
19.Qf4h4 Ra8e8
20.Nb1d2 Nh6g4
21.Qh4xh7 Bf5xh7
{ resign }
0-1

[Event "Tourn. n8804"]
[Site "www.chess-mail.com"]
[Date "2016.07.20"]
[Round "1"]
[White "Fabos12"]
[Black "Wwgia"]
[WhiteElo "1860"]
[BlackElo "1990"]
[Result "1-0"]
[Round "1"]
1.Ng1f3 Ng8f6
2.d4 g6
3.c4 Bf8g7
4.Nb1c3 d5
5.cxd5 Nf6xd5
6.e4 Nd5xc3
7.bxc3 c5
8.Bc1e3 Nb8d7
9.Bf1c4 Nd7f6
10.Qd1c2 O-O
11.Ra1d1 Qd8a5
12.a4 Bc8g4
13.O-O Ra8c8
14.dxc5 Bg4xf3
15.gxf3 Rf8d8
16.e5 Nf6e8
17.f4 Ne8c7
18.Qc2b3 Nc7a6
19.Bc4xf7 { resign }
1-0

[Event "Tourn. n8796"]
[Site "www.chess-mail.com"]
[Date "2016.07.20"]
[Round "1"]
[White "Genius9"]
[Black "Avg"]
[WhiteElo "1820"]
[BlackElo "1840"]
[Result "1-0"]
[Round "1"]
1.d4 f5
2.Ng1f3 Ng8f6
3.g3 g6
4.Bf1g2 Bf8g7
5.O-O O-O
6.c4 c5
7.Nb1c3 cxd4
8.Nf3xd4 Nb8c6
9.Nd4xc6  { time }
1-0

[Event "Tourn. n8814"]
[Site "www.chess-mail.com"]
[Date "2016.07.20"]
[Round "1"]
[White "Didpa"]
[Black "Nulladies"]
[WhiteElo "1430"]
[BlackElo "1630"]
[Result "0-1"]
[Round "1"]
1.e4 c5
2.c3 e5
3.Ng1f3 Nb8c6
4.Bf1b5 d6
5.O-O Bc8d7
6.d4 a6
7.Bb5e2 Ng8f6
8.Bc1g5 Bf8e7
9.d5 Nc6a7
10.Nb1a3 Nf6xe4
11.Bg5xe7 Qd8xe7
12.Be2d3 Ne4f6
13.Bd3c2 b5
14.b3 O-O
15.c4 b4
16.Na3b1 Bd7g4
17.h3 Bg4h5
18.Nb1d2 Qe7d7
19.Nd2e4 Nf6xe4
20.Bc2xe4 f5
21.Be4d3 e4
22.Bd3c2 exf3
23.g3 f4
24.g4 Bh5xg4
25.hxg4 Qd7xg4
26.Kh1 Qg4g2
{ resign }
0-1

[Event "Tourn. n8795"]
[Site "www.chess-mail.com"]
[Date "2016.07.20"]
[Round "1"]
[White "Panham"]
[Black "Hundegana"]
[WhiteElo "2200"]
[BlackElo "2010"]
[Result "1-0"]
[Round "1"]
1.d4 f5
2.Nb1c3 g6
3.Ng1f3 Bf8g7
4.h4 Ng8f6
5.h5 Nf6xh5
6.e4 O-O
7.Rh1xh5 gxh5
8.Nf3g5 fxe4
9.Qd1xh5 h6
10.Nc3xe4 d5
11.Bc1e3 dxe4
12.Bf1c4 e6
13.Ng5xe4 Qd8e8
14.Qh5g4 Qe8f7
15.Be3xh6 Nb8c6
16.O-O-O Nc6d8
17.Rd1h1 Bc8d7
18.Rh1h3 b5
19.Rh3f3 Qf7e7
20.Bh6g5 Qe7b4
21.Bc4e2 Rf8xf3
22.Be2xf3 Ra8b8
23.Bg5f6 Qb4f8
24.Bf6e5 Qf8e7
25.Ne4g3 Nd8c6
26.Bf3xc6 Bd7xc6
27.Ng3h5 Kh7
28.Nh5xg7 a5
29.Qg4h5 Kg8
30.Qh5g6 Kf8
31.Ng7xe6 Qe7xe6
32.Qg6xe6 Bc6xg2
33.Qe6h6 Ke7
34.Qh6g5 Ke6
35.Qg5xg2 a4
36.Qg2c6 Kf5
37.Qc6xc7 Rb8a8
38.Qc7d7 Kg5
39.f4 Kg6
40.Qd7c6 Kf5
41.Qc6xa8 b4
42.Kd2 b3
43.cxb3 axb3
44.axb3 Kg4
45.Qa8e4 Kh5
46.Qe4g2 Kh4
47.Be5f6 Kh5
48.Qg2g5 
1-0

[Event "Tourn. n8840"]
[Site "www.chess-mail.com"]
[Date "2016.07.20"]
[Round "1"]
[White "Faerieking"]
[Black "Tartan"]
[WhiteElo "2260"]
[BlackElo "2350"]
[Result "0-1"]
[Round "1"]
1.e4 c5
2.Ng1f3 e6
3.Nb1c3 a6
4.d4 cxd4
5.Nf3xd4 Nb8c6
6.Bf1e2 Ng8e7
7.O-O Nc6xd4
8.Qd1xd4 Ne7c6
9.Qd4a4 Bf8c5
10.Bc1f4 O-O
11.Ra1d1 d6
12.e5 d5
13.Nc3e4 Bc5a7
14.Ne4d6 f6
15.Nd6xc8 Ra8xc8
16.exf6 Qd8xf6
17.Bf4g3 Qf6xb2
18.Rd1b1 Qb2d4
{ resign }
0-1

[Event "Tourn. n8840"]
[Site "www.chess-mail.com"]
[Date "2016.07.20"]
[Round "1"]
[White "Paaliaq"]
[Black "Faerieking"]
[WhiteElo "2540"]
[BlackElo "2260"]
[Result "1-0"]
[Round "1"]
1.e4 e5
2.Ng1f3 Nb8c6
3.d4 exd4
4.Nf3xd4 Ng8f6
5.Nd4xc6 bxc6
6.e5 Qd8e7
7.Qd1e2 Nf6d5
8.c4 Bc8a6
9.b3 g5
10.h4 Bf8g7
11.Bc1b2 O-O-O
12.Nb1d2 Nd5b4
13.O-O-O Nb4xa2
14.Kb1 Na2b4
15.Qe2e3 Kb8
16.Qe3xg5 Qe7xg5
17.hxg5 Ba6b7
18.Nd2e4 h6
19.e6 Bg7xb2
20.Kxb2 fxe6
21.gxh6 d5
22.Ne4c5 Bb7c8
23.Rd1a1 dxc4
24.bxc4 { resign }
1-0